Killing Kennedy : the end of Camelot / Bill ... Read More
Available copies
- 9 of 9 copies available at LARL/NWRL Consortium.
- 1 of 1 copy available at Lake Agassiz Regional Library. (Show preferred library)
Current holds
1 current hold with 9 total copies.
View other formats and editions
Show All Copies
| Location | Call Number / Copy Notes | Barcode | Shelving Location | Status | Due Date |
|---|---|---|---|---|---|
| Crookston Public Library | 973.922 ORE (Text) | 33500010869915 | Main | Available | - |
| Godel Memorial-Warren Library | 973.922 ORE (Text) | 35500005183940 | Main | Available | - |
| Greenbush Public Library | 973.922 ORE (Text) | 35500005183445 | Main | Available | - |
| Hallock Public Library | 973.922 ORE (Text) | 35500005119852 | Main | Available | - |
| Karlstad LINK Site | 973.922 ORE (Text) | 35500005183957 | Main | Available | - |
| Red Lake Falls Public Library | 973.922 ORE (Text) | 35500005637002 | Main | Available | - |
| Roseau Public Library | 973.922 ORE (Text) | 35500005183437 | Main | Available | - |
| Roseau Public Library | 973.922 ORE (Text) | 35500005203615 | Main | Available | - |
| Thief River Falls Public Library | 973.922 ORE (Text) | 35500005183965 | Main | Available | - |
Record details
- ISBN: 9780805096668 (hardcover)
- ISBN: 0805096663 (hardcover)
- Physical Description: 325 pages : illustrations, maps, portraits, ... Read More
- Edition: First edition.
- Publisher: New York : Henry Holt and Company, 2012
Content descriptions
| Bibliography, etc. Note: | Includes bibliographical references (p. [305]-311) ... Read More |
| Formatted Contents Note: | Cheating death -- The curtain descends -- Evil ... Read More |
| Summary, etc.: | Killing Kennedy chronicles both the heroism and ... Read More |
Search for related items by subject
| Subject: | Kennedy, John F. (John Fitzgerald), 1917-1963 > Assassination. Presidents > Assassination > United States > 20th century. |
| LDR | 03832cam a2200529 i 4500 | ||
|---|---|---|---|
| 001 | 141838 | ||
| 003 | LARL_NWRL_CONSORTIUM | ||
| 005 | 20121001164935.0 | ||
| 008 | 120628s2012 nyuabch b 001 0 eng | ||
| 010 | . | ‡a2012026143 | |
| 020 | . | ‡a9780805096668 (hardcover) ‡c$28.00 | |
| 020 | . | ‡a0805096663 (hardcover) ‡c$28.00 | |
| 035 | . | ‡a(OCoLC)778421821 | |
| 040 | . | ‡aDLC ‡erda ‡beng ‡cDLC ‡dYDX ‡dBTCTA ‡dBDX ‡dOCLCO ‡dUPZ ‡dYDXCP ‡dJTH ‡dEINCP ‡dNSB ‡dJP3 ‡dBUR | |
| 043 | . | ‡an-us--- | |
| 050 | 0 | 0. | ‡aE842.9 ‡b.O74 2012 |
| 082 | 0 | 0. | ‡a973.922092 ‡223 |
| 100 | 1 | . | ‡aO'Reilly, Bill. ‡0(LARL_NWRL_CONSORTIUM)144615 |
| 245 | 1 | 0. | ‡aKilling Kennedy : ‡bthe end of Camelot / ‡cBill O'Reilly and Martin Dugard. |
| 250 | . | ‡aFirst edition. | |
| 260 | . | ‡aNew York : ‡bHenry Holt and Company, ‡c2012 | |
| 300 | . | ‡a325 pages : ‡billustrations, maps, portraits, facsimiles ; ‡c25 cm. | |
| 336 | . | ‡atext ‡2rdacontent | |
| 337 | . | ‡aunmediated ‡2rdamedia | |
| 338 | . | ‡avolume ‡2rdacarrier | |
| 520 | . | ‡aKilling Kennedy chronicles both the heroism and the deceit of Camelot. The events leading up to the most notorious crime of the twentieth century are almost as shocking as the assassination itself. In January 1961, as the Cold War escalates, John F. Kennedy struggles to contain the growth of Communism while he learns the hardships, solitude, and temptations of what it means to be president of the United States. Along the way he acquires a number of formidable enemies, among them Soviet leader Nikita Khrushchev, Cuban dictator Fidel Castro, and Alan Dulles, director of the Central Intelligence Agency. When his brother, Attorney General Robert Kennedy, cracks down on organized crime, the list of those who have it in for the President grows. Then, in the midst of a 1963 campaign trip to Texas, Kennedy is gunned down, and the nation begins its slide into the cataclysmic division of the Vietnam War and its culture-changing aftermath.--From publisher description. | |
| 505 | 0 | . | ‡aCheating death -- The curtain descends -- Evil wins. |
| 504 | . | ‡aIncludes bibliographical references (p. [305]-311) and index. | |
| 600 | 1 | 0. | ‡aKennedy, John F. ‡q(John Fitzgerald), ‡d1917-1963 ‡xAssassination. |
| 650 | 0. | ‡aPresidents ‡xAssassination ‡zUnited States ‡y20th century. | |
| 700 | 1 | . | ‡aDugard, Martin. ‡0(LARL_NWRL_CONSORTIUM)140263 |
| 948 | . | ‡hNO HOLDINGS IN LAL - 319 OTHER HOLDINGS | |
| 994 | . | ‡aZ0 ‡bLAL | |
| 901 | . | ‡a141838 ‡bOCLC ‡c141838 ‡tbiblio | |

Add to basket
Permalink
Disable Highlighting